TREES FOR THE TROPICS (Record no. 22204)
[ view plain ]
| 000 -LEADER | |
|---|---|
| fixed length control field | 00489nam a2200193 a 4500 |
| 020 ## - INTERNATIONAL STANDARD BOOK NUMBER | |
| ISBN | 0949511870 |
| 040 ## - CATALOGING SOURCE | |
| Transcribing agency | DLC |
| 082 ## - DEWEY DECIMAL CLASSIFICATION NUMBER | |
| Classification number | 634 BOL 1989 C143 Or. |
| 100 1# - MAIN ENTRY--AUTHOR NAME | |
| Personal name | Boland, D. J. |
| 245 10 - TITLE STATEMENT | |
| Title | TREES FOR THE TROPICS |
| 300 ## - PHYSICAL DESCRIPTION | |
| Number of Pages | 191 pages : |
| Other physical details | illustrations ; |
| Dimensions | 26 cm |
| 500 ## - GENERAL NOTE | |
| General note | Distributor from label on verso t.p |
| 500 ## - GENERAL NOTE | |
| General note | Includes index |
| 650 #0 - SUBJECT ADDED ENTRY--TOPICAL TERM | |
| Topical Term | Eucalyptus |
| 700 1# - ADDED ENTRY--PERSONAL NAME | |
| Personal name | Brooker, M. I. H. |
| 700 1# - ADDED ENTRY--PERSONAL NAME | |
| Personal name | Turnbull, J. W. |
| 700 1# - ADDED ENTRY--PERSONAL NAME | |
| Personal name | Kleinig, D. A. |
| 942 ## - ADDED ENTRY ELEMENTS (KOHA) | |
| Koha item type | ADB |
| 952 ## - LOCATION AND ITEM INFORMATION (KOHA) | |
| Withdrawn status [LOCAL, KOHA] | 0 |
| Permanent Location | Date acquired | Koha item type | Lost status | Shelving location | Barcode | Current Location | Full call number |
|---|---|---|---|---|---|---|---|
| Library Block C | 2023-11-17 | ADB | C143 | a09129 | Library Block C | 634 BOL 1989 C143 Or. |